らっだぁの動画タイトルからゲームを当てる - Statistics

General Stats
  • This quiz has been taken 15 times
  • The average score is 3 of 15
Answer Stats
Hint Answer % Correct
年越しまでに10回一致を目指すがすでに無理だと悟る一同 ラウンジ
60%
らっだぁ狂人CO!!!ご主人様のピンチを救い大逆転なるか!!? マイクラ人狼リーグ
47%
優しい人は怪しいので疑っちゃうRPG #1 UNDERTALE / アンダーテール
47%
女子大生のらっだぁ、コンビニの怪奇現象に大絶叫 夜勤事件
40%
役職バカ居すぎ!!?絶対勝てないと思われたバカ村人狼 ばか人狼/FEIGN
40%
やべぇ客と霊が居る銭湯で住み込みバイト 地獄銭湯
33%
生魚ぐらいしか盗めてないのに8人もの敵の相手をさせられる みどろんぱ
20%
AIが絵を描く人狼を運営とやったら芸術が深すぎて全員怪しい お絵描き人狼/AIアートインポスター
13%
【運営と】やべぇ給食のおばさんから逃げるホラゲー Lunch Lady
13%
運営でスーパーを経営したら店から怒号と罵声が絶えなくなった Supermarket Together
13%
美人なあたしがカフェで働いたらやべぇ客しかこねぇ 閉店事件
7%
田んぼの様子は絶対に確認したいらっだぁ、全部の死に方を試さずにはいられない リトルナイトメア3
7%
麻▉王を目指すらっだぁ運営、なんかラーメン屋みたいになる スケジュール1
0%
とんでもない客ばっか来るタピオカ屋で怪奇現象に襲われるらっだぁ The Boba Teashop
0%
襲われる仲間の写真を売り捌くジャーナリストの鑑のようならっだぁ運営 The Headliners
0%
No matching quizzes found
Score Distribution
Percent of People with Each Score
Percentile by Number Answered
Your Score History
You have not taken this quiz